Statistics for Cold War leaders of USSR and USA

Click here to take the quiz!

General Stats

  • This quiz has been taken 168 times
  • The average score is 11 of 15

Answer Stats

HintAnswer% Correct
USSR1924-1953Joseph Stalin
99%
USA1961-1963John F. Kennedy
92%
USA1989-1993George H. W. Bush
86%
USA1945-1953Harry S. Truman
86%
USSR1985-1991Mikhail Gorbachev
86%
USA1953-1961Dwight D. Eisenhower
83%
USSR1953-1962Nikita Khrushchev
80%
USSR1962-1982Leonid Brezhnev
77%
USA1963-1969Lyndon B. Johnson
75%
USA1974-1977Gerald Ford
71%
USA1981-1989Ronald Reagan
71%
USA1969-1974Richard Nixon
66%
USA1977-1981Jimmy Carter
62%
USSR1982-1984Yuri Andropov
59%
USSR1984-1985Konstantin Chernenko
39%

Score Distribution

Percentile by Number Answered

Percent of People with Each Score

Your Score History

You have not taken this quiz